000 00323nam a22001337a 4500
008 240312b |||||||| |||| 00| 0 eng d
020 _a9788120352476
100 _aB.K. Mishra
245 _aPsychology The Study of Human Behaviour
250 _a2nd Ed.
260 _aDelhi
_bPHI
_c2023
300 _a594
942 _2ddc
_cBK
999 _c20598
_d20598